banner koha

Contribuicao da OCEPAR - a reuniao de pesquisa de soja da regiao central do Brasil [Organizacao das Cooperativas do Estado do Parana] (Registro n. 36307)

MARC details
000 -LÍDER
campo de controle de tamanho fixo 01006nam a22002657a 4500
001 - NÚMERO DE CONTROLE
campo de controle BR8403187
003 - IDENTIFICADOR DO NÚMERO DE CONTROLE
campo de controle BR-BrBNA
005 - DATA E HORÁRIO DA ÚLTIMA TRANSAÇÃO
campo de controle 20230928091935.0
007 - CAMPO FIXO DE DESCRIÇÃO FÍSICA--INFORMAÇÃO GERAL
campo de controle de tamanho fixo ta
008 - CAMPO DE DADOS FIXOS--INFORMAÇÃO GERAL
campo de controle de tamanho fixo 230509b bl.||||| |||| 00| 0 por d
040 ## - FONTE DA CATALOGAÇÃO
Instituição da catalogação original BR-BrBNA
Idioma da catalogação por
Instituição que transcreveu o registro Biblioteca Nacional de Agricultura
041 ## - CÓDIGO DE IDIOMA
Código do idioma do texto/trilha sonora ou título diferente (Por)
072 ## - CÓDIGO DE CATEGORIA DE ASSUNTO
Código de Categoria de Assunto F30; F00
Código do objeto 0336
-- /G514
090 ## - NÚMERO DE CHAMADA LOCAL
-- 0336 BR8403187
110 1# - ENTRADA PRINCIPAL--NOME CORPORATIVO
Nome corporativo ou nome da jurisdição Organizacao das Cooperativas do Estado do Parana, Cascavel (Brasil)
9 (RLIN) 7725
111 1# - ENTRADA PRINCIPAL--NOME DO EVENTO
Nome do evento ou lugar Reuniao de Pesquisa de Soja da Regiao Central do Brasil
Local do evento Uberaba, MG (Brazil)
Data do evento ou assinatura do tratado Jul 1984
245 1# - TÍTULO
Título Contribuicao da OCEPAR - a reuniao de pesquisa de soja da regiao central do Brasil [Organizacao das Cooperativas do Estado do Parana]
260 3# - PUBLICAÇÃO, DISTRIBUIÇÃO, ETC.
Local de publicação, distribuição, etc. Cascavel, PR (Brasil):
Data da publicação, distribuição, etc. 1984.
300 ## - DESCRIÇÃO FÍSICA
Extensão 26 p.
500 ## - NOTA GERAL
Nota geral (*) Documento disponível no(a) Organizacao das Cooperativas do Estado do Parana, Cascavel (Brazil)
650 ## - ASSUNTO--TERMO TÓPICO
Cabeçalho tópico ou nome geográfico SOJA
650 ## - ASSUNTO--TERMO TÓPICO
Cabeçalho tópico ou nome geográfico COMPORTAMENTO DE VARIEDADE
909 ## -
-- 202309
-- Lucia
-- 55
-- Lucia Elande
942 ## - ELEMENTOS DE ENTRADA ADICIONADOS (KOHA)
Tipo de material Koha Livros
Exemplares
Situação do descarte Fonte da classificação ou esquema de arquivamento na estante Situação física Não pode ser emprestado Biblioteca de origem Biblioteca atual Total de empréstimos Data de último acesso Número do exemplar Tipo de material Koha Nota pública Situação das perdas Data de aquisição Fonte de aquisição Qualificador de local codificado Custo, preço normal de compra Número do inventário Custo, preço de reposição Preço efetivo de
  Classificação AGRIS   INDISPONÍVEL Centro Cooperante Centro Cooperante   25/09/2023 01 Livros (*) Documento disponível no(a) Organizacao das Cooperativas do Estado do Parana, Cascavel (Brazil) Em falta              

BINAGRI

Telefone: (61)3218-2567/2388/3357/2097 - binagri@agro.gov.br

Ministério da Agricultura e Pecuária , Esplanada dos Ministérios, Bloco D, Anexo B, Brasília/DF, CEP: 70.043-900